Shakespeare Plays by Character Quiz Stats

 Plays Quiz Updated Jan 20, 2019

Support Sporcle.
Go Orange.
Score 0/38 Timer 06:00
0 Plays Today
Characters Play % Correct
Tybalt, Mercutio, NurseRomeo and Juliet
86.5%
Iago, Desdemona, RoderigoOthello
76.7%
Hippolyta, Lysander, PuckA Midsummer Night's Dream
76.1%
Guildenstern, Gertrude, FortinbrasHamlet
74.7%
Brutus, Soothsayer, CalpurniaJulius Caesar
66.6%
Malcolm, Banquo, DuncanMacbeth
64.6%
Shylock, Portia, Prince of MoroccoThe Merchant of Venice
63.9%
Ariel, Caliban, MirandaThe Tempest
62.6%
Goneril, Fool, EdgarKing Lear
46.7%
Benedick, Beatrice, Don JohnMuch Ado About Nothing
43.9%
Gremio, Christopher Sly, KatherineThe Taming of the Shrew
43.4%
Orsino, Feste, Sir Toby BelchTwelfth Night
41.4%
Bollingbroke, John of Gaunt, YorkRichard II
34.3%
Charles VI of France, Catherine, GowerHenry V
30.4%
Jaques, Touchstone, CorinAs You Like It
29.9%
Clarence, Richmond, NorfolkRichard III
29.1%
Caius, Mistress Ford, FalstaffThe Merry Wives of Windsor
28.9%
Octavius, Lepidus, CharmainAntony and Cleopatra
27%
Charles Dauphin, Richard Plantagenet, Joan la PucelleHenry VI Part I
23.9%
Characters Play % Correct
Anne, Wolsey, BuckinghamHenry VIII
22.6%
Hal, Hotspur, Mistress QuicklyHenry IV Part I
22.2%
Hector, Cassandra, ParisTroilus and Cressida
21.7%
Dromio of Ephesus, Dromio of Syracuse, AngeloThe Comedy of Errors
21.5%
Tamora, Lavinia, ChironTitus Andronicus
20.9%
Valentine, Proteus, AntonioThe Two Gentlemen of Verona
19.3%
Perdita, Paulina, PolixinesThe Winter's Tale
18.2%
Angelo, Claudio, IsabellaMeasure for Measure
17%
Queen Eleanor, Falconbridge, SalisburyKing John
15.6%
Jack Cade, Queen Margaret, SimpcoxHenry VI Part II
14.6%
Henry VI, Louis, SomervilleHenry VI Part III
13.1%
Volumnia, Caius Martius, MeneniusCoriolanus
12.2%
Rumour, Clarence, PistolHenry IV Part II
12%
Imogen, Giocomo, ClotenCymbeline
11.4%
Bertram, Widow Caplet, HelenAll's Well that Ends Well
11.3%
Ferdinand, Rosaline, DumaineLove's Labour's Lost
8.4%
Marina, Antiochus, ThaliartPericles
7.8%
Flavius, Poet, PainterTimon of Athens
7.6%
Palamon, Arcite, TheseusThe Two Noble Kinsmen
5%

You're not logged in!

Compare scores with friends on all Sporcle quizzes.
OR
Log In
Forgot?

From the Vault

Sunday Crossword: Bill Murray

by bhenderson79

We don't know about you, but we can picture Bill Murray enjoying a good crossword on Sunday morning.
Remove Ads.
Support Sporcle.
Get the best of Sporcle when you Go Orange. This ad-free experience offers more features, more stats, and more fun while also helping to support Sporcle. Thank you for becoming a member.

Show Comments

Extras

Top Quizzes Today


Score Distribution

Your Account Isn't Verified!

In order to create a playlist on Sporcle, you need to verify the email address you used during registration. Go to your Sporcle Settings to finish the process.

Report this User

Report this user for behavior that violates our Community Guidelines.

Details: